Classifica ATP 2021 - Statistics

Statistiche generali
  • Questo quiz è stato fatto 21 volte
  • Il punteggio medio è 13 su 15
Statistiche sulle risposte
Nazione Punteggio Tennista % Corretto
Russia 5150 Andrey Rublev
100%
Russia 8640 Danil Medvedev
100%
Italia 4568 Matteo Berrettini
100%
Serbia 11540 Novak Djokovic
100%
Spagna 4875 Rafael Nadal
100%
Grecia 6540 Stefano Tsitsipas
100%
Germania 7840 Alexander Zverev
95%
Norvegia 4160 Casper Ruud
90%
Italia 3350 Jannik Sinner
85%
Austria 2425 Dominic Thiem
80%
Canada 3308 Felix Auger Aliassime
75%
Polonia 3706 Hubert Hurkacz
70%
Regno Unito 2945 Cameron Norrie
65%
Argentina 2625 Diego Sebastain Schwartzman
65%
Canada 2475 Denis Shapovalov
55%
Nessun quiz corrispondente trovato
Distribuzione punteggi
Percentuale di utenti per punteggio
Percentile per numero di risposta
I tuoi punteggi nel tempo
Non hai fatto questo quiz